| 000 | nam a22 7a 4500 | ||
|---|---|---|---|
| 999 |
_c128950 _d128950 |
||
| 008 | 190212b xxu||||| |||| 00| 0 eng d | ||
| 050 |
_aPL8681.9.S55 _bK3 |
||
| 100 |
_aShongedza, Ignatiana _944529 |
||
| 245 |
_aKagurukute ngoma yamutota _bvhuramuromo ya Farai Madzimbamuto _cIgnatiana Shongedza |
||
| 260 |
_aParis _bL'Harmattan _c2007 |
||
| 300 |
_a215p. ; _c22cm. |
||
| 942 |
_2lcc _cMONOGRAPH |
||